|
|
|
|
| LEADER |
00988nam a2200241 a 4500 |
| 001 |
GR-MES15248 |
| 008 |
010507s2003 nyu u000 b eng d |
| 020 |
|
|
|a 0632059370
|
| 040 |
|
|
|a GrPaTEI
|b gre
|c GR-PaULI
|
| 082 |
|
0 |
|a 696
|2 21
|
| 100 |
1 |
|
|a Tully, Gordon
|
| 245 |
1 |
0 |
|a Heating systems, plant and control /
|c A.R. Day, M.S. Ratcliffe, K.J. Shepherd.
|
| 260 |
|
|
|a New York :
|b McGraw-Hill,
|c c1981
|
| 300 |
|
|
|a x, 222 σ. :
|b εικ. ;
|c 24 εκ.
|
| 490 |
0 |
|
|a An Energy learning systems book
|
| 500 |
|
|
|a Περιλαμβάνει ευρετήριο.
|
| 504 |
|
|
|a Βιβλιογραφία: σ. 206-209
|
| 650 |
|
0 |
|a Heating systems
|
| 650 |
|
4 |
|a Θέρμανση
|x Εξοπλισμός
|
| 942 |
|
|
|2 ddc
|
| 952 |
|
|
|0 0
|1 0
|2 ddc
|4 0
|6 696_000000000000000_DAY
|7 0
|9 273080
|a MSLG
|b MSLG
|c BSC
|d 2021-01-17
|e 24
|f 0
|g 0.00
|l 0
|o 696 DAY
|p 2420000023693
|r 2021-01-17 00:00:00
|t 1
|w 2021-01-17
|y BK15
|x 20090908 0 ΤΣΑΝΤΑΡΛΙΩΤΗ 1
|x GrPaTEI
|
| 971 |
|
|
|a .b2581297x
|b 15-04-20
|c 13-09-16
|
| 999 |
|
|
|c 158066
|d 158066
|